| 000 | 00566nam a2200217 a 4500 | ||
|---|---|---|---|
| 008 | |||
| 020 | _a0805370951(pbk.) | ||
| 049 | _aMAIN | ||
| 090 |
_aQH308.2 _bCAM. |
||
| 100 | 1 | _aCampbell. | |
| 245 | 1 | 0 |
_aArt Notebook for Biology/ _cCampbell [and] Reece. |
| 260 |
_aSan Francisco : _bBenjamin Cummings, _c2002. |
||
| 300 | _a6th ed. | ||
| 650 | 1 | _aBiology. | |
| 700 | _aReece. | ||
| 907 |
_a.b10346338 _b23-09-15 _c08-08-14 |
||
| 003 | |||
| 005 | 20230123122105.0 | ||
| 040 | _cNUST | ||
| 942 |
_cBOOKS _kQH308.2 _mCAM. |
||
| 999 |
_c127641 _d127641 |
||